000 00675nam a22001935i 4500
001 170206
003 ES-MaACL
005 20250520195912.0
008 090211s1914 fr |||| | fre d
080 _a782.1
100 1 _aPayen, Louis.
_989718
245 1 0 _aCléopatre
_b; drame lyrique en quatre actes et cinq tableaux /
_clivret de Louis Payen ; musique de J. Massenet.
260 _aParis :
_bHeugel & Cie.,
_c1914.
300 _a48 p. ;
_c18 cm.
650 1 4 _aÓperas-
_vLibretos.
_9137584
700 1 _aMassenet, Jules,
_d1842-1912
_9240595
852 _aES-MaACL
_j2247-F-19
_9R.140977
_z.- Biblioteca Jacinto Martínez Lacalle
999 _c170206
_d170206